00572 2200205 4500001002100000005001500021035002000036007000300056008004100059245006100100260003800161020002200199082001000221084001600231250001600247100002500263300005200288650001000340990001600350INLIS00000000000030220221027120229 a0010-1022000044ta221027 b h ind 1 aKomik Next-G: Bunda Selalu Benar /cGhaida Hasna shabira aBandung :bMuffin Graphics,c2022 a978-602-367-891-4 a741.5 a741.5 GHA k aCetakan III0 aGhaida Hasna shabira a92 halaman :bilustrasi tidak berwarna ;c21 cm 4akomik a00000000400